000 00649nam a2200217 i 4500
001 101201
003 ES-MaACL
005 20250808022126.0
007 t|
008 051014s1957 sp ||||1| spa d
100 1 _aMaxwell, Elsa.
_979314
245 1 0 _aHe conocido al Gran Mundo /
_cElsa Maxwell; [versión española de Isabel Mirete].
250 _a[1ª ed.].
260 _aBarcelona :
_bLuis de Caralt,
_c1957.
300 _a363 p., 8 lám. ;
_c21 cm.
490 1 _aLa vida vivida
700 1 _aMirete, Isabel.
_981585
830 0 3 _aLa vida vivida
_9180877
852 _aES-MaACL
_jC-12516
_bR.40516
999 _c101201
_d101201